[Event "CZE-chT2D 0910"]
[Site "Czech Republic"]
[Date "2010.03.28"]
[Round "10.7"]
[White "Bakos, Eduard"]
[Black "Cesenek, Jiri"]
[Result "1/2-1/2"]
[WhiteElo "2121"]
[BlackElo "1920"]
[PlyCount "43"]
[EventDate "2009.10.18"]
[EventType "team-tourn"]
[EventRounds "11"]
[EventCountry "CZE"]
[SourceTitle "EXT 2012"]
[Source "ChessBase"]
[SourceDate "2011.11.24"]
[SourceVersion "1"]
[SourceVersionDate "2011.11.24"]
[SourceQuality "1"]
[WhiteTeam "Brno Duras II"]
[BlackTeam "Zajecice"]
[WhiteTeamCountry "CZE"]
[BlackTeamCountry "CZE"]

1. e4 c5 2. g3 d6 3. c3 Nf6 4. Bg2 Nc6 5. d4 cxd4 6. cxd4 e6 7. Nc3 Be7 8. Nge2 a6 9. 0-0 0-0 10. f4 Qc7 11. h3 b5 12. a3 Bb7 13. Be3 Rac8 14. Rc1 Qd7 15. g4 h6 16. Ng3 Na5 17. Rc2 Nc4 18. Bc1 Rfd8 19. g5 hxg5 20. fxg5 Nh7 21. Qh5 g6 22. Qg4 1/2-1/2

[Event "CZE-chT1W 0708"]
[Site "Czech Republic"]
[Date "2008.02.24"]
[Round "8.6"]
[White "Srba, Milan"]
[Black "Cesenek, Jiri"]
[Result "1-0"]
[WhiteElo "2225"]
[BlackElo "1958"]
[PlyCount "43"]
[EventDate "2007.10.28"]
[EventType "team"]
[EventRounds "11"]
[EventCountry "CZE"]
[SourceTitle "EXT 2009"]
[Source "ChessBase"]
[SourceDate "2008.11.26"]
[SourceVersion "1"]
[SourceVersionDate "2008.11.26"]
[SourceQuality "1"]
[WhiteTeam "Vrsovice"]
[BlackTeam "Zajecice"]
[WhiteTeamCountry "CZE"]
[BlackTeamCountry "CZE"]

1. e4 c5 2. Nf3 d6 3. Nc3 Nf6 4. d4 cxd4 5. Nxd4 a6 6. Bg5 e6 7. f4 Be7 8. Qf3 Nbd7 9. 0-0-0 h6 10. Qh3 Nc5 11. e5 Nfe4 12. Bxe7 Qxe7 13. Nxe4 Nxe4 14. Qe3 d5 15. c4 0-0 16. Bd3 Nc5 17. cxd5 Nxd3+ 18. Rxd3 Qc5+ 19. Nc2 Qxe3+ 20. Nxe3 exd5 21. Nxd5 Bf5 22. Ne7+ 1-0

[Event "CZE-chT1W 0708"]
[Site "Czech Republic"]
[Date "2007.12.09"]
[Round "4.8"]
[White "Onderek, David"]
[Black "Cesenek, Jiri"]
[Result "1-0"]
[WhiteElo "2138"]
[BlackElo "1958"]
[PlyCount "99"]
[EventDate "2007.10.28"]
[EventType "team"]
[EventRounds "11"]
[EventCountry "CZE"]
[SourceTitle "EXT 2009"]
[Source "ChessBase"]
[SourceDate "2008.11.26"]
[SourceVersion "1"]
[SourceVersionDate "2008.11.26"]
[SourceQuality "1"]
[WhiteTeam "Chrudim"]
[BlackTeam "Zajecice"]
[WhiteTeamCountry "CZE"]
[BlackTeamCountry "CZE"]

1. d4 Nf6 2. Bg5 e6 3. Nd2 Be7 4. e4 d6 5. Bd3 0-0 6. f4 c5 7. dxc5 dxc5 8. Ngf3 Nc6 9. 0-0 Ng4 10. Bxe7 Qxe7 11. Qe2 e5 12. h3 Nf6 13. fxe5 Nxe5 14. Nxe5 Qxe5 15. Nf3 Qe7 16. Rae1 Nh5 17. Qe3 h6 18. Rf2 Be6 19. b3 Rae8 20. e5 f5 21. exf6 Rxf6 22. Qe4 g6 23. Qh4 Kg7 24. Bxg6 Rxg6 25. Qxh5 Qd6 26. Qe5+ Qxe5 27. Rxe5 b6 28. Rfe2 Kf7 29. R5e3 Rf6 30. Ne5+ Kg7 31. Nc6 a6 32. a4 Kf7 33. a5 b5 34. b4 cxb4 35. Nxb4 Bd7 36. Rxe8 Bxe8 37. Rf2 Rxf2 38. Kxf2 Ke6 39. Nxa6 Bc6 40. g4 Kd6 41. Ke3 Bb7 42. Nb4 Kc5 43. c3 Kc4 44. Kd2 Bf3 45. a6 Kc5 46. Ke3 Ba8 47. h4 Kb6 48. g5 hxg5 49. hxg5 Bg2 50. Kd4 1-0

[Event "CZE-chT1W 0708"]
[Site "Czech Republic"]
[Date "2007.11.11"]
[Round "2.8"]
[White "Tichy, Stepan"]
[Black "Cesenek, Jiri"]
[Result "1-0"]
[WhiteElo "2079"]
[BlackElo "1958"]
[PlyCount "65"]
[EventDate "2007.10.28"]
[EventType "team"]
[EventRounds "11"]
[EventCountry "CZE"]
[SourceTitle "EXT 2009"]
[Source "ChessBase"]
[SourceDate "2008.11.26"]
[SourceVersion "1"]
[SourceVersionDate "2008.11.26"]
[SourceQuality "1"]
[WhiteTeam "Karlovy Vary"]
[BlackTeam "Zajecice"]
[WhiteTeamCountry "CZE"]
[BlackTeamCountry "CZE"]

1. c4 e6 2. Nc3 Nf6 3. g3 c5 4. Bg2 Be7 5. Nf3 0-0 6. 0-0 d5 7. cxd5 exd5 8. d4 b6 9. Ne5 Bb7 10. dxc5 bxc5 11. Qb3 Qc7 12. Nxd5 Nxd5 13. Bxd5 Bxd5 14. Qxd5 Na6 15. Nc4 Rad8 16. Qf3 Bf6 17. Bf4 Qe7 18. Rad1 Rfe8 19. e3 Qe6 20. Nd6 Re7 21. Ne4 Red7 22. Nxf6+ Qxf6 23. Rxd7 Rxd7 24. Qa8+ Qd8 25. Qxd8+ Rxd8 26. a3 f6 27. e4 Rd4 28. e5 fxe5 29. Bxe5 Rd5 30. f4 Kf7 31. Rc1 g6 32. Rc4 Ke6 33. Ra4 1-0

[Event "CZE-chT2d 0607"]
[Site "Czech Republic"]
[Date "2006.10.15"]
[Round "1"]
[White "Cesenek, Jiri"]
[Black "Jelen, Jiri"]
[Result "1-0"]
[WhiteElo "1954"]
[BlackElo "1870"]
[PlyCount "117"]
[EventDate "2006.10.15"]
[EventType "team"]
[EventRounds "11"]
[EventCountry "CZE"]
[SourceTitle "EXT 2009"]
[Source "ChessBase"]
[SourceDate "2008.11.26"]
[SourceVersion "1"]
[SourceVersionDate "2008.11.26"]
[SourceQuality "1"]

1. e4 c5 2. Nf3 a6 3. d4 cxd4 4. Nxd4 e5 5. Nf3 Nc6 6. c4 Nf6 7. Nc3 Bb4 8. Bd3 0-0 9. Bd2 d6 10. h3 h6 11. 0-0 Be6 12. a3 Bxc3 13. Bxc3 Rc8 14. Rc1 Nd7 15. b4 Ne7 16. Bd2 f5 17. exf5 Nxf5 18. Qe2 Qf6 19. Qe4 Rc7 20. Kh2 Ne7 21. Qh7+ Kf7 22. Qe4 Bf5 23. Qe3 Rfc8 24. Rc3 d5 25. Bxf5 Qxf5 26. Nh4 Qf6 27. Qg3 Rxc4 28. Rf3 R8c6 29. Rxf6+ Rxf6 30. Rc1 b5 31. Nf3 e4 32. Rxc4 bxc4 33. Bc3 exf3 34. Bxf6 Nxf6 35. Qxf3 Ke6 36. Qe3+ Kd6 37. Qg3+ Ke6 38. Qc3 Ne4 39. Qxg7 Nf5 40. Qg6+ Ke5 41. g4 Nfd6 42. Qxh6 Nxf2 43. Qg7+ Ke6 44. Qd4 Nfe4 45. a4 c3 46. Qd3 Nc4 47. b5 axb5 48. axb5 Ke5 49. Kg2 Nb2 50. Qe2 Nc4 51. h4 Kd4 52. Kf3 Ned2+ 53. Kf4 c2 54. Qe1 Nb3 55. h5 c1Q+ 56. Qxc1 Nxc1 57. h6 Nd3+ 58. Kg5 Kc5 59. h7 1-0